[Event "South America-ch"]
[Site "Lima"]
[Date "2023.09.21"]
[Round "8"]
[White "Reyes Zavaleta, Cristhian Yamil"]
[Black "Bao Ataucusi, Sebastian Anton"]
[Result "1-0"]
[WhiteElo "1787"]
[BlackElo "1271"]
[PlyCount "54"]
[EventDate "2023.09.14"]
[EventType "swiss"]
[EventRounds "9"]
[EventCountry "PER"]
[SourceTitle "CBM 216 Extra"]
[Source "ChessBase"]
[SourceDate "2023.11.30"]
[SourceVersion "1"]
[SourceVersionDate "2023.11.30"]
[SourceQuality "1"]

1. d4 Nf6 2. c4 e6 3. g3 d5 4. Bg2 Bb4+ 5. Bd2 Be7 6. Nf3 0-0 7. 0-0 Nbd7 8. b3 c6 9. Bc3 b6 10. Nbd2 Bb7 11. Qc2 Qc7 12. Bb2 Rac8 13. Rac1 c5 14. cxd5 Nxd5 15. Qb1 Qb8 16. dxc5 Nxc5 17. Nc4 Bf6 18. Nce5 Rfd8 19. Rfd1 a5 20. Nc4 Ba6 21. Bxf6 Nxf6 22. Nd4 Bxc4 23. Rxc4 Rd6 24. Rdc1 Nd5 25. e4 Nb4 26. a3 Nbd3 27. Qxd3 e5 1-0

[Event "South America-ch"]
[Site "Lima"]
[Date "2023.09.17"]
[Round "4"]
[White "Cahuapaza Tarapaca, Leonardo"]
[Black "Bao Ataucusi, Sebastian Anton"]
[Result "1/2-1/2"]
[WhiteElo "1731"]
[BlackElo "1271"]
[PlyCount "78"]
[EventDate "2023.09.14"]
[EventType "swiss"]
[EventRounds "9"]
[EventCountry "PER"]
[SourceTitle "CBM 216 Extra"]
[Source "ChessBase"]
[SourceDate "2023.11.30"]
[SourceVersion "1"]
[SourceVersionDate "2023.11.30"]
[SourceQuality "1"]

1. Nf3 d5 2. b3 Nf6 3. Bb2 e6 4. e3 Be7 5. d4 Nbd7 6. Bd3 b6 7. 0-0 Bb7 8. Nbd2 0-0 9. Ne5 Ne4 10. f4 f5 11. Ndf3 Nxe5 12. Nxe5 Rf6 13. a4 Bd6 14. a5 Rh6 15. a6 Bc8 16. Nf3 Bd7 17. c4 c6 18. Qe1 Qe7 19. Rc1 Be8 20. Ne5 Bb4 21. Qe2 Nd2 22. cxd5 cxd5 23. Rc2 Nxf1 24. Qxf1 Bd6 25. Qc1 Rf6 26. g3 Rf8 27. Qf1 Bxe5 28. dxe5 Qb4 29. g4 Bg6 30. Qc1 Qxb3 31. Rc3 Qa4 32. Ba3 Rfe8 33. Bd6 fxg4 34. Bxg6 hxg6 35. Rc7 Qxa6 36. Qc2 Rac8 37. Qxg6 Qa1+ 38. Kg2 Rxc7 39. Qxe8+ Kh7 1/2-1/2

[Event "South America-ch"]
[Site "Lima"]
[Date "2023.09.15"]
[Round "2"]
[White "Riojas Rebata, Oswaldo Andre"]
[Black "Bao Ataucusi, Sebastian Anton"]
[Result "0-1"]
[WhiteElo "1438"]
[BlackElo "1271"]
[PlyCount "44"]
[EventDate "2023.09.14"]
[EventType "swiss"]
[EventRounds "9"]
[EventCountry "PER"]
[SourceTitle "CBM 216 Extra"]
[Source "ChessBase"]
[SourceDate "2023.11.30"]
[SourceVersion "1"]
[SourceVersionDate "2023.11.30"]
[SourceQuality "1"]

1. e4 c5 2. Nc3 a6 3. a4 Nc6 4. Nf3 d6 5. d4 cxd4 6. Nxd4 g6 7. Bc4 Bg7 8. Be3 Nf6 9. Qd2 Ng4 10. Nxc6 bxc6 11. 0-0 Nxe3 12. Qxe3 e6 13. Rfd1 Qc7 14. Qg3 Be5 15. f4 Bxc3 16. bxc3 0-0 17. Bb3 Qb6+ 18. Kh1 d5 19. a5 Qb7 20. Ba4 Bd7 21. e5 c5 22. Bxd7 Qxd7 0-1